Nederlandse treinstations via afbeelding - Statistieken

Algemene statistieken
  • Deze quiz is 78 keer genomen
  • De gemiddelde score is 9 van 16
Antwoordstatistieken
Foto Antwoord % Correct
Utrecht Centraal
95%
Amsterdam Centraal
92%
Rotterdam Centraal
89%
Schiphol Airport
81%
Den Haag Centraal
77%
Arnhem Centraal
60%
Groningen
60%
Eindhoven Centraal
53%
Breda
50%
Haarlem
48%
Ede-Wageningen
47%
Leiden Centraal
44%
Amsterdam Bijlmer ArenA
37%
Lage Zwaluwe
37%
Lansingerland-Zoetermeer
31%
Valkenburg
31%
Geen overeenkomende quizzen gevonden
Scoreverdeling
Procent van Mensen met Elke Score
Percentiel versus Aantal Correcte Antwoorden
Uw Scoregeschiedenis
U heeft deze quiz nog niet genomen